000 00309nam a22001337a 4500
008 170906b xxu||||| |||| 00| 0 eng d
020 _a9780064300223
041 _aeng
080 _a72
100 _a41
101 _aARK
245 _aART & ARCHITECTURE IN MEDIEVAL FRANCE
_cSTODDARD, W.S
942 _2udc
_cBK
999 _c26306
_d26306